| 000 | 01165nac a2200277 a 4500 | ||
|---|---|---|---|
| 003 | Co-PeBPM | ||
| 005 | 20240914024757.0 | ||
| 007 | ta | ||
| 008 | 240914s1992 ck a|||| |||| 00| 0 spa d | ||
| 020 | _a8434827255 | ||
| 040 |
_aCo-PeBPM _bspa _cCo-PeBPM _erda |
||
| 082 | 0 | 4 |
_a(i) 863 L719q _222 |
| 100 | 1 | 0 |
_aLienas, Gemma _eautor |
| 245 | 1 | 0 |
_aQuerer la luna _c/ Gemma Lienas; ilustraciones de Pablo Echevarría |
| 250 | _aTercera edición | ||
| 260 |
_aMadrid, España _b: SM, _c1992 |
||
| 300 |
_a63 páginas _bilustraciones a color _c19 centímetros |
||
| 490 |
_aEl Barco de Vapor. Serie Blanca _v29 |
||
| 520 | _aRaúl es un niño como cualquier otro y, a veces se pone tozudo. Un día se le ocurre pedir la luna. Qué idea, ¿no? Su gran amiga Cholis le quiere y no duda en hacer lo imposible para que Raúl esté contento. Así que, ayudada por Gur, va a buscarle la Luna. | ||
| 650 | 1 | 4 |
_aCuentos de amistad _2Lemb |
| 650 | 1 | 4 |
_aCuentos infantiles españoles _2Lemb |
| 650 | 1 | 4 |
_aLiteratura infantil española _2Lemb |
| 700 |
_aEchevarría, Pablo _eilustraciones |
||
| 942 |
_2ddc _cBK _n0 |
||
| 999 |
_c59952 _d59952 |
||